Demokrasi üzerine / (Record no. 15159)

MARC details
000 -BAŞLIK
Sabit Uzunlukta Kontrol Alanı 00646nam a22002177a 4500
999 ## - SİSTEM KONTROL NUMARALARI (KOHA)
Koha Biblionumber 15159
Koha Biblioitemnumber 15159
003 - KONTROL NUMARASI IDENTIFIER
Denetim Alanı MIRAKIL
005 - SON İŞLEM TARİHİ VE ZAMANI
Denetim Alanı 20230221121145.0
008 - SABİT-BOY VERİ ELEMANLARI - GENEL BİLGİLER
Sabit Uzunlukta Kontrol Alanı 230221b tu ||||| |||| 00| 0 tur d
020 ## - ULUSLARARASI STANDART KİTAP NUMARASI
Uluslararası Standart Kitap Numarası 9789756565001
040 ## - KATALOGLAMA KAYNAK
Orijinal Kataloglama Ajansı TR-AnCHP
Metne Dönüştürmek Ajansı TR-AnCHP
041 ## - DİL KODU
Metin / Ses Parça Veya Ayrı Başlığın Dil Kodu tur
082 ## - DEWEY ONLU SINIFLANDIRMA NUMARASI
Sınıflandırma Numarası 321.8
Ürün Numarası D23d 2010
100 ## - ANA GİRİŞ - KİŞİSEL İSİM
Kişisel Ad Dahl, Robert A.
245 10 - BAŞLIK TABLOSU
Başlık Demokrasi üzerine /
Sorumluluk Tablosu, Vb Robert A. Dahl ; çeviren: Betül Kadıoğlu.
260 ## - YAYIN, DAĞITIM, VB
Yayın, Dağıtım, Vb Yeri Ankara :
Yayıncı, Dağıtıcı, Vs Adı Phoenix Yayınevi,
Yayın, Dağıtım, Vb Tarihi 2010.
300 ## - FİZİKSEL TANIM
Kapsam 240 s. :
Diğer Fiziksel Ayrıntıları grf., tbl. ;
Boyutlar 20 sm.
504 ## - KAYNAKÇA VB NOT
Kaynakça Vb Notu Kaynakça ve dizin vardır .
650 #4 - KONU KATMA GİRİŞ - TOPİKAL DÖNEM
9 (RLIN) 1030
Topikal Süreli Veya Coğrafi Ad Giriş Elemanı Demokrasi
700 ## - KATMA GİRİŞ - KİŞİSEL İSİM
9 (RLIN) 7334
Kişisel Ad Kadıoğlu, Betül,
Relator Terim çev.
942 ## - EKLENDİ GİRİŞ ELEMANLARI (KOHA)
Sınıflandırma Veya Raf Düzeni Kaynak Dewey Decimal Classification
Koha Öğesi Türü Books
Holdings
Kalıcı Konum Mevcut Konum Edinme Tarihi Toplam Check-Out'Lar Tam Çağrı Numarası Barkod Tarih Son Görülme İtibaren Geçerli Fiyatlar Koha Öğesi Türü
CHP Kütüphanesi CHP Kütüphanesi 02/21/2023   321.8 D23d 2010 020731 02/21/2023 02/21/2023 Books